| 000 | 01959nam a2200325 a 4500 | ||
|---|---|---|---|
| 001 | 1184093 | ||
| 005 | 20220326193306.0 | ||
| 008 | 970410s1997 txua bc 000 0 eng d | ||
| 010 | _a 97071055 | ||
| 020 | _a0935213074 | ||
| 035 | _a(OCoLC)37328106 | ||
| 040 |
_aNmU _cNmU _dPPiC _dDLC |
||
| 042 | _alccopycat | ||
| 043 | _as------ | ||
| 082 | 0 | 0 |
_a741.598 _bR175r |
| 100 |
_aRamírez, Mari Carmen, _91764 |
||
| 245 | 0 | 0 |
_aRe-aligning vision : _balternative currents in South American drawing / _cedited with an introduction by Mari Carmen Ramírez ; curators, Edith A. Gibson and Mari Carmen Ramírez ; [translator, Albert G. Bork]. |
| 260 |
_a[Austin] : _bArcher M. Huntington Art Gallery, University of Texas at Austin, _c1997. |
||
| 300 |
_a238 p. : _bill. (some col.) ; _c27 cm. |
||
| 500 | _a"Catalogue published in conjunction with the traveling exhibition sponsored by the Archer M. Huntington Art Gallery." | ||
| 504 | _aIncludes bibliographical references (p. 212-219). | ||
| 505 |
_tOn Drawing _rMario de Andrade _tTwo Vulnerables decades in latin american art, 1950-1970 (1973) _rMarta Traba _tThe newest colombians : an examplary anthology (1974) _rMarta Traba _tDrawing Venezuela (1978) _rMarta Traba _tRecent latin american drawings (1969-1976) _rBarbara Duncan _tRecent latin american drawings (1969-1976) _rDamian Bayon _tMy Approaches to drawing (1978) _rLuis Felipe Noe _tDrawing today (1981) _rJuan Calzadilla _tAprproach to a Written Drawing (1996) _rJuan Calzadilla |
||
| 650 | 0 |
_aDrawing _zSouth America _xExhibitions. _91765 |
|
| 700 | 1 |
_aRamírez, Mari Carmen, _d1955- _91740 |
|
| 700 | 1 |
_aGibson, Edith A. _91766 |
|
| 710 | 2 |
_aArcher M. Huntington Art Gallery _91767 |
|
| 906 |
_a7 _bcbc _ccopycat _d2 _eopcn _f19 _gy-gencatlg |
||
| 999 |
_c372 _d372 |
||